Микроконтроллеры AVR: от простого к сложному

Manylion Llyfryddiaeth
Prif Awdur: Голубцов М. С.
Awduron Eraill: Кириченкова А. В.
Crynodeb:Исключено из фонда НТБ ТПУ
Iaith:Rwseg
Cyhoeddwyd: Москва, СОЛОН-Пресс, 2004
Rhifyn:2-е изд., испр. и доп.
Cyfres:Библиотека инженера
Fformat: Llyfr
KOHA link:https://koha.lib.tpu.ru/cgi-bin/koha/opac-detail.pl?biblionumber=64690

MARC

LEADER 00000nam0a2200000 4500
001 64690
005 20231031065835.0
010 |a 5980031413 
035 |a (RuTPU)RU\TPU\book\68643 
090 |a 64690 
100 |a 20040607d2004 km y0rusy50 ca 
101 0 |a rus 
102 |a RU 
105 |a a z 000zy 
200 1 |a Микроконтроллеры AVR: от простого к сложному  |f М. С. Голубцов, А. В. Кириченкова 
205 |a 2-е изд., испр. и доп. 
210 |a Москва  |c СОЛОН-Пресс  |d 2004 
215 |a 304 с.  |c ил. 
225 1 |a Библиотека инженера 
333 |a Исключено из фонда НТБ ТПУ 
700 1 |a Голубцов  |b М. С. 
701 1 |a Кириченкова  |b А. В. 
801 1 |a RU  |b 63413507  |c 20040607  |g PSBO 
801 2 |a RU  |b 63413507  |c 20140401  |g PSBO 
942 |c BK 
959 |a 82/20040602  |d 2  |e 142  |f ЧЗТЛ:1  |f ЭЧЗ:1